000 00307nam a2200133Ia 4500
008 240624s9999 xx 000 0 und d
041 _aeng
082 _a823 ROW
100 _aROWLING J K
245 _aCASUAL VACANCY
260 _c2012
_aNew Delhi
_bHachette India
300 _a503 : p.
365 _cRS
_b25
999 _c22217
_d22217